Vista normal Vista MARC

Entrada Topical Term

Número de registros utilizados en: 1

001 - CONTROL NUMBER

  • control field: 41107

003 - CONTROL NUMBER IDENTIFIER

  • control field: OSt

005 - DATE AND TIME OF LATEST TRANSACTION

  • control field: 20211012120205.0

008 - FIXED-LENGTH DATA ELEMENTS

  • fixed length control field: 211012|| aca||aabn | a|a d

040 ## - CATALOGING SOURCE

  • Original cataloging agency: OSt
  • Transcribing agency: OSt

150 ## - HEADING--TOPICAL TERM

  • Topical term or geographic name entry element: Poor
  • General subdivision: Nutrition
  • General subdivision: Government policy
  • Geographic subdivision: Developing countries
  • Form subdivision: Congresses

670 ## - SOURCE DATA FOUND

  • Source citation: Work cat.: (OSt)12599: Wiebe, Keith Daniel, author 41104, Who will be fed in the 21st century? :, c2001.